Comunicatión intercultural en las relaciones económicas internacionales aplicación: estudios ibéricos y Latinoamericanos

Guardado en:
Detalles Bibliográficos
Autores Corporativos: Ústav medzinárodných programov. Centrum iberských a latinskoamerických štúdií, European Commission
Otros Autores: Lenghardtová, Jana
Formato: Libro
Lenguaje:español
Publicado: Bratislava Editorial EKONÓM 2006
Materias:
Etiquetas: Agregar Etiqueta
Sin Etiquetas, Sea el primero en etiquetar este registro!

MARC

LEADER 00000nam$a2200000$$$4500
001 0056070
005 20240502071634.4
020 |a 80-225-2260-0 
041 0 |a spa 
044 |a SK 
245 1 0 |a Comunicatión intercultural en las relaciones económicas internacionales  |b aplicación: estudios ibéricos y Latinoamericanos  |c editora: Jana Lenghardtová 
264 1 |a Bratislava  |b Editorial EKONÓM  |c 2006 
300 |a 12 s. 
610 2 0 |a vzťahy hospodárske medzinárodné 
610 2 0 |a komunikácia 
610 2 0 |a Latinská Amerika 
700 1 |a Lenghardtová, Jana 
710 2 |a Ústav medzinárodných programov. Centrum iberských a latinskoamerických štúdií 
710 2 |a European Commission